Environmentálna a bezpečnostná informatika

Na minha lista:
Detalhes bibliográficos
Main Authors: Badida, Miroslav (Author), Bartek, Alojz, 1959- (Author), Bevilaqua, Dušan (Author), Bednárová, Lucia (Author), Buranský, Ivan, 1982- (Author), Čerkala, Emil (Author), Halász, Jozef (Author), Haľamová, Zuzana (Author), Hricová, Beata (Author), Hřebíček, Jiří (Author), Chovancová, Jana (Author), Chovanec, Roman (Author), Chvátalová, Zuzana (Author), Klapáková, Katarína (Author), Klinda, Jozef (Author), Klinec, Ivan (Author), Kočí, Vladimír (Author), Korauš, Anton (Author), Kotovicová, Jana (Author), Krečmerová, Tatiana (Author), Kubíková, Daniela (Author), Kuracina, Richard, 1979- (Author), Múdry, Peter (Author), Murín, Martin (Author), Piatrik, Milan (Author), Pitváňová, Alena (Author), Procházková, Dana (Author), Remtová, Květoslava (Author), Rusko, Miroslav, 1953- (Author), Soldán, Maroš, 1969- (Author), Suchánek, Zdeněk (Author), Szekeres, Kristián (Author), Šenovský, Pavel (Author), Šimko, Ivan (Author), Šteffek, Jozef (Author), Vereš, Michal (Author), Vincíková, S. (Author), Wittlinger, Viktor, 1937- (Author)
Formato: Livro
Idioma:eslovaco
Publicado em: Žilina : STRIX, 2008
Edição:1. vyd
Colecção:Environmentálne vedy 21
Assuntos:
Acesso em linha:OBSAH
Tags: Adicionar Tag
Sem tags, seja o primeiro a adicionar uma tag!

MARC

LEADER 00000nam a22000003a 4500
001 stu183412
005 20220321183349.0
008 090422s2008----xo------------------slo-d
020 |a 978-80-89281-19-0 
040 |a STU  |b slo 
041 0 |a slo 
044 |a xo 
080 |a 004  |7 stu_us_auth*stu9200 
080 |a 504 
100 1 |a Badida, Miroslav  |4 aut  |9 3 
245 1 |a Environmentálna a bezpečnostná informatika 
250 |a 1. vyd 
260 |a Žilina :  |b STRIX,  |c 2008 
300 |a 413 s  |9 20,65 
650 7 |a informatika environmentálna  |2 stusub 
650 7 |a informatika bezpečnostná  |2 stusub 
700 1 |a Bartek, Alojz,  |d 1959-  |4 aut  |u M390  |9 1  |U MTF Materiálovotechnologická fakulta  |T MTF Katedra environmentálneho a bezpečnostného inžinierstva  |X 30215  |U M390  |Y 177  |7 A000030215 
700 1 |a Bevilaqua, Dušan  |4 aut  |9 3 
700 1 |a Bednárová, Lucia  |4 aut  |9 3 
700 1 |a Buranský, Ivan,  |d 1982-  |4 aut  |u M3000  |9 1  |U MTF Materiálovotechnologická fakulta  |T MTF Ústav výrobných technológií  |X 4587  |U M3000  |Y 83  |7 A000004587 
700 1 |a Čerkala, Emil  |4 aut  |9 2 
700 1 |a Halász, Jozef  |4 aut  |9 2 
700 1 |a Haľamová, Zuzana  |4 aut  |9 2 
700 1 |a Hricová, Beata  |4 aut  |9 2 
700 1 |a Hřebíček, Jiří  |4 aut  |9 2 
700 1 |a Chovancová, Jana  |4 aut  |9 2 
700 1 |a Chovanec, Roman  |4 aut  |9 2 
700 1 |a Chvátalová, Zuzana  |4 aut  |9 2 
700 1 |a Klapáková, Katarína  |4 aut  |9 2 
700 1 |a Klinda, Jozef  |4 aut  |9 2 
700 1 |a Klinec, Ivan  |4 aut  |9 2 
700 1 |a Kočí, Vladimír  |4 aut  |9 2 
700 1 |a Korauš, Anton  |4 aut  |9 2 
700 1 |a Kotovicová, Jana  |4 aut  |9 2 
700 1 |a Krečmerová, Tatiana  |4 aut  |9 2 
700 1 |a Kubíková, Daniela  |4 aut  |9 2 
700 1 |a Kuracina, Richard,  |d 1979-  |4 aut  |u M5000  |9 1  |U MTF Materiálovotechnologická fakulta  |T MTF Ústav bezpečnosti, environmentu a kvality  |X 38282  |U M5000  |Y 85  |7 A000038282 
700 1 |a Múdry, Peter  |4 aut  |9 2 
700 1 |a Murín, Martin  |4 aut  |9 2 
700 1 |a Piatrik, Milan  |4 aut  |9 2 
700 1 |a Pitváňová, Alena  |4 aut  |9 2 
700 1 |a Procházková, Dana  |4 aut  |9 2 
700 1 |a Remtová, Květoslava  |4 aut  |9 2 
700 1 |a Rusko, Miroslav,  |d 1953-  |4 aut  |u M5000  |9 27  |U MTF Materiálovotechnologická fakulta  |T MTF Ústav bezpečnosti, environmentu a kvality  |X 2796  |U M5000  |Y 85  |7 A000002796 
700 1 |a Soldán, Maroš,  |d 1969-  |4 aut  |u M5000  |9 1  |U MTF Materiálovotechnologická fakulta  |T MTF Ústav bezpečnosti, environmentu a kvality  |X 2878  |U M5000  |Y 85  |7 A000002878 
700 1 |a Suchánek, Zdeněk  |4 aut  |9 2 
700 1 |a Szekeres, Kristián  |4 aut  |9 2 
700 1 |a Šenovský, Pavel  |4 aut  |9 2 
700 1 |a Šimko, Ivan  |4 aut  |9 2 
700 1 |a Šteffek, Jozef  |4 aut  |9 2 
700 1 |a Vereš, Michal  |4 aut  |9 2 
700 1 |a Vincíková, S.  |4 aut  |9 2 
700 1 |a Wittlinger, Viktor,  |d 1937-  |4 aut  |u M390  |9 2  |U MTF Materiálovotechnologická fakulta  |T MTF Katedra environmentálneho a bezpečnostného inžinierstva  |X 3600  |U M390  |Y 177  |7 A000003600 
830 0 |a Environmentálne vedy  |v 21 
856 4 |a https://sweb.mtf.stuba.sk/obsahy/environmentalna_a_bezpecnostna_informatika_prve_vydanie_08  |u https://sweb.mtf.stuba.sk/obsahy/environmentalna_a_bezpecnostna_informatika_prve_vydanie_08  |3 OBSAH 
996 |b 284M070282  |c M*12486-1  |l MMST  |s A  |a 24  |w stu183412_0001